[Event "Tradewise Gibraltar"]
[Site "Caleta ENG"]
[Date "2015.02.05"]
[EventDate "2015.01.27"]
[Round "10.51"]
[Result "1-0"]
[White "Oluwafemi Balogun"]
[Black "Kenny Solomon"]
[WhiteElo "2193"]
[BlackElo "2399"]
[PlyCount "168"]

1. Nf3 Nf6 2. g3 b6 3. Bg2 Bb7 4. O-O e6 5. d3 d5 6. Nbd2 Nbd7 7. e4 Be7 8. e5
Ng4 9. Qe2 c5 10. Re1 Nh6 11. h4 Ng4 12. Nf1 h5 13. c3 Qc7 14. Bf4 Nf8 15. a3
Ng6 16. Bd2 a5 17. a4 c4 18. d4 Bc6 19. Ne3 Nxe3 20. Bxe3 Qd7 21. Bd2 b5 22.
axb5 Bxb5 23. Ng5 Nf8 24. Bf3 g6 25. Bg2 a4 26. Qf3 Bd8 27. Bf1 Rb8 28. Be2 Bc6
29. Reb1 Nh7 30. Nxh7 Rxh7 31. Bd1 Be7 32. Bc2 Rg7 33. Kh2 Rg8 34. Qd1 Ra8 35.
Ra2 f6 36. exf6 Bxf6 37. Rba1 Kf7 38. Bxa4 Rxa4 39. Rxa4 Bxa4 40. Rxa4 Rb8 41.
Ra2 Kg7 42. Bf4 Rf8 43. Qe2 Kh7 44. Ra6 Re8 45. Rd6 Qf7 46. Qf3 Bg7 47. Kg2 Re7
48. Qe3 Re8 49. Rc6 Kg8 50. Rc7 Re7 51. Rc8+ Re8 52. Rc6 Kh7 53. Rb6 Qd7 54. Be5
Bh6 55. Qe2 Qf7 56. Qc2 Rf8 57. f4 Ra8 58. Bd6 Bg7 59. Ba3 Re8 60. Bd6 Qa7 61.
Bc5 Qf7 62. b3 cxb3 63. Rxb3 Qf5 64. Qe2 Ra8 65. Ba3 Ra4 66. Kh2 Rc4 67. Bb4 Bf6
68. Rb2 Bg7 69. Qe1 Rc6 70. Ra2 Rc8 71. Ra6 Re8 72. Qe2 Kg8 73. Ra2 Kh7 74. Qb5
Rc8 75. Qd7 Ra8 76. Re2 Ra6 77. Bd6 Qd3 78. Rg2 Qf5 79. Bc5 Qf8 80. Rb2 Kh6 81.
Rb7 Ra2+ 82. Kg1 Ra1+ 83. Kf2 Ra2+ 84. Ke3 1-0

[Event "Tradewise Gibraltar"]
[Site "Caleta ENG"]
[Date "2015.02.05"]
[EventDate "2015.01.27"]
[Round "10.52"]
[Result "1/2-1/2"]
[White "James E Tarjan"]
[Black "Jonathan Yu"]
[WhiteElo "2518"]
[BlackElo "2081"]
[PlyCount "60"]

1. d4 e6 2. c4 Nf6 3. Nf3 Bb4+ 4. Bd2 Qe7 5. g3 Nc6 6. Nc3 O-O 7. Bg2 d5 8. cxd5
exd5 9. O-O h6 10. a3 Bxc3 11. Bxc3 Ne4 12. Qb3 Nxc3 13. bxc3 Rd8 14. Rfe1 Rb8
15. Nd2 Be6 16. a4 b6 17. Qb5 Na5 18. e4 c6 19. Qa6 Qc7 20. Qf1 dxe4 21. Rxe4
Bd5 22. Rg4 c5 23. Re1 Bxg2 24. Qxg2 cxd4 25. cxd4 Qc3 26. Nf3 Nc6 27. Rd1 Qc2
28. Re1 Qc3 29. Rd1 Qc2 30. Re1 Qc3 1/2-1/2

[Event "Tradewise Gibraltar"]
[Site "Caleta ENG"]
[Date "2015.02.05"]
[EventDate "2015.01.27"]
[Round "10.54"]
[Result "0-1"]
[White "Tereza Olsarova"]
[Black "Avital Boruchovsky"]
[WhiteElo "2288"]
[BlackElo "2517"]
[PlyCount "48"]

1. e4 c5 2. Nf3 d6 3. d4 cxd4 4. Nxd4 Nf6 5. Nc3 a6 6. h3 e5 7. Nde2 h5 8. Bg5
Be7 9. Ng3 g6 10. Bc4 Nc6 11. a4 Be6 12. Bxf6 Bxf6 13. Nd5 Bg5 14. Ne2 Rc8 15.
Nec3 O-O 16. O-O Bh6 17. Ra3 Nd4 18. Bd3 Qh4 19. Nb6 Bxh3 20. gxh3 Qxh3 21. Ncd5
Nf3+ 22. Qxf3 Qxf3 23. Nxc8 Qg4+ 24. Kh1 Qh3+ 0-1

[Event "Tradewise Gibraltar"]
[Site "Caleta ENG"]
[Date "2015.02.05"]
[EventDate "2015.01.27"]
[Round "10.55"]
[Result "1/2-1/2"]
[White "Dirceu Viana"]
[Black "Danny Raznikov"]
[WhiteElo "2268"]
[BlackElo "2494"]
[PlyCount "66"]

1. e4 e5 2. Nf3 Nc6 3. Nc3 Nf6 4. d4 exd4 5. Nxd4 Bb4 6. Nxc6 bxc6 7. Bd3 O-O 8.
O-O d5 9. exd5 cxd5 10. Bg5 c6 11. Na4 Be6 12. c3 Be7 13. Re1 Qc7 14. Qf3 Rfe8
15. h3 Nd7 16. Bxe7 Rxe7 17. Re3 Rae8 18. Rae1 Qd6 19. b3 Nb6 20. Nxb6 axb6 21.
Qh5 h6 22. Qh4 Kf8 23. R3e2 Qc5 24. Qd4 Qxd4 25. cxd4 c5 26. dxc5 bxc5 27. Rc2
Rc7 28. Rec1 c4 29. bxc4 dxc4 30. Bxc4 Rec8 31. Bb3 Rxc2 32. Rxc2 Rxc2 33. Bxc2
Bxa2 1/2-1/2

[Event "Tradewise Gibraltar"]
[Site "Caleta ENG"]
[Date "2015.02.05"]
[EventDate "2015.01.27"]
[Round "10.56"]
[Result "1/2-1/2"]
[White "Pontus Carlsson"]
[Black "Alan Tate"]
[WhiteElo "2465"]
[BlackElo "2297"]
[PlyCount "50"]

1. e4 e5 2. Nf3 Nc6 3. Bb5 Nf6 4. d3 Bc5 5. c3 O-O 6. Bg5 h6 7. Bh4 Be7 8. Nbd2
Nh5 9. Bxe7 Qxe7 10. Nf1 Nf4 11. Ne3 d6 12. g3 Nh3 13. Nh4 Qg5 14. Nf3 Qd8 15.
Nh4 Qg5 16. Nf3 Qf6 17. Qe2 Ne7 18. Nh4 c6 19. Ba4 g6 20. Rf1 d5 21. Bb3 Be6 22.
exd5 Nxd5 23. O-O-O Rad8 24. Kb1 Nxe3 25. fxe3 1/2-1/2

[Event "Tradewise Gibraltar"]
[Site "Caleta ENG"]
[Date "2015.02.05"]
[EventDate "2015.01.27"]
[Round "10.57"]
[Result "1-0"]
[White "Stefan Docx"]
[Black "Stephan Buchal"]
[WhiteElo "2450"]
[BlackElo "2273"]
[PlyCount "108"]

1. d4 g6 2. c4 Bg7 3. Nf3 d6 4. g3 Nf6 5. Bg2 O-O 6. O-O Nc6 7. b3 a6 8. Bb2 Rb8
9. Nbd2 e5 10. dxe5 Ng4 11. h3 Ngxe5 12. Qc1 Re8 13. Nxe5 dxe5 14. Rd1 Nd4 15.
Kf1 Bd7 16. e3 Nc6 17. Ne4 Qc8 18. g4 Nd8 19. Qc2 Bc6 20. Nc5 Bxg2+ 21. Kxg2 b6
22. Nd7 Qb7+ 23. Rd5 Rc8 24. Qe4 Nc6 25. Rd2 Re6 26. Rad1 Rce8 27. g5 Qc8 28.
Qg4 Ne7 29. c5 b5 30. Kh2 Nf5 31. b4 h6 32. h4 Qa8 33. gxh6 Nxh6 34. Qg2 a5 35.
a3 axb4 36. Qxa8 Rxa8 37. axb4 Ra4 38. Bc3 e4 39. Bxg7 Kxg7 40. Rb1 Nf5 41. h5
Ra8 42. Kg2 Nh4+ 43. Kg3 Nf3 44. Rd5 Rh8 45. Rh1 c6 46. Rd6 gxh5 47. Kf4 Rxd6
48. cxd6 h4 49. Nc5 f6 50. d7 Kf7 51. Nb7 Ng5 52. d8=N+ Kg6 53. Nxc6 h3 54. Ne7+
Kf7 1-0

[Event "Tradewise Gibraltar"]
[Site "Caleta ENG"]
[Date "2015.02.05"]
[EventDate "2015.01.27"]
[Round "10.58"]
[Result "0-1"]
[White "Menna Barreto, Felipe Kubiaki"]
[Black "Martinez Martin, David"]
[WhiteElo "2247"]
[BlackElo "2407"]
[PlyCount "74"]

1. d4 Nf6 2. c4 g6 3. Nc3 Bg7 4. Bg5 h6 5. Bh4 d6 6. e3 O-O 7. Nf3 g5 8. Bg3 Bf5
9. Bd3 Qd7 10. O-O Bxd3 11. Qxd3 Nh5 12. h3 Nxg3 13. fxg3 e6 14. Rf2 Nc6 15.
Raf1 f5 16. Nd2 Rf7 17. Nb3 Raf8 18. a3 e5 19. d5 Ne7 20. e4 f4 21. c5 g4 22.
cxd6 cxd6 23. hxg4 Qxg4 24. Ne2 Ng6 25. gxf4 exf4 26. Ned4 f3 27. Nf5 Rxf5 28.
exf5 Nh4 29. Rc1 Re8 30. Qf1 Re3 31. Rc8+ Kh7 32. Rc4 Qg3 33. Nd4 Bxd4 34. Rxd4
Nxg2 35. Rxf3 Rxf3 36. Qxg2 Qe1+ 37. Kh2 Rf2 0-1

[Event "Tradewise Gibraltar"]
[Site "Caleta ENG"]
[Date "2015.02.05"]
[EventDate "2015.01.27"]
[Round "10.59"]
[Result "1/2-1/2"]
[White "Paul Hommerson"]
[Black "Jovanka Houska"]
[WhiteElo "2229"]
[BlackElo "2388"]
[PlyCount "138"]

1. e4 c6 2. d4 d5 3. Nc3 dxe4 4. Nxe4 Bf5 5. Ng3 Bg6 6. h4 h6 7. h5 Bh7 8. Nf3
e6 9. Bd3 Bxd3 10. Qxd3 Nf6 11. Bd2 Nbd7 12. O-O-O Be7 13. Kb1 Qb6 14. Ne4 Nxe4
15. Qxe4 Nf6 16. Qe2 Qa5 17. c4 Qf5+ 18. Ka1 Rd8 19. Bc1 O-O 20. Ne5 c5 21. f3
Rxd4 22. g4 Rxd1 23. Rxd1 Qh7 24. Be3 Kh8 25. a3 b6 26. Bf4 Qg8 27. Nc6 Re8 28.
Nxa7 Rd8 29. Nc6 Rxd1+ 30. Qxd1 Qe8 31. Nxe7 Qxe7 32. Qd6 Qb7 33. Qb8+ Qxb8 34.
Bxb8 Nd7 35. Bd6 f5 36. gxf5 exf5 37. b4 cxb4 38. axb4 g6 39. hxg6 Kg7 40. Kb2
Kxg6 41. Kc3 Kg5 42. Kd4 h5 43. Ke3 Kf6 44. Bc7 Ke6 45. Kf4 h4 46. Ke3 h3 47.
Bh2 Kf6 48. Bf4 Ke6 49. Kd4 Nf8 50. Bh2 Ng6 51. f4 Kd6 52. Ke3 Ne7 53. Kf3 Nc6
54. Bg1 Nxb4 55. Bxb6 Nd3 56. Be3 Nb2 57. c5+ Kd5 58. Kg3 Nd3 59. Kxh3 Nxc5 60.
Bxc5 Kxc5 61. Kg3 Kd4 62. Kf3 Kd3 63. Kf2 Ke4 64. Ke2 Kxf4 65. Kf2 Ke4 66. Ke2
f4 67. Kf2 f3 68. Kf1 f2 69. Kxf2 1/2-1/2

[Event "Tradewise Gibraltar"]
[Site "Caleta ENG"]
[Date "2015.02.05"]
[EventDate "2015.01.27"]
[Round "10.60"]
[Result "1-0"]
[White "Marco Codenotti"]
[Black "Semprun Martinez, Fernando"]
[WhiteElo "2374"]
[BlackElo "2253"]
[PlyCount "70"]

1. e4 e5 2. Nf3 Nc6 3. Bc4 Bc5 4. c3 Nf6 5. d3 O-O 6. Nbd2 d5 7. exd5 Nxd5 8.
Ne4 Be7 9. O-O Bg4 10. Re1 Nb6 11. Bb5 f6 12. h3 Bd7 13. d4 exd4 14. cxd4 a6 15.
Bf1 Bb4 16. Bd2 Bxd2 17. Qxd2 Bf5 18. Nc5 Rb8 19. g4 Bc8 20. Qc1 Qd5 21. Qf4 Qd6
22. Qxd6 cxd6 23. Nxa6 Ra8 24. a3 Bd7 25. Nc7 Ra5 26. Nb5 d5 27. Nc3 Kf7 28. Nb5
Nc8 29. Nd2 N6e7 30. Nc3 Nd6 31. Nb3 Raa8 32. Rxe7+ Kxe7 33. Nxd5+ Kd8 34. Nb6
Ra7 35. Nc5 1-0

[Event "Tradewise Gibraltar"]
[Site "Caleta ENG"]
[Date "2015.02.05"]
[EventDate "2015.01.27"]
[Round "10.61"]
[Result "1-0"]
[White "Urbina Perez, Juan Antonio"]
[Black "Sarasadat Khademalsharieh"]
[WhiteElo "2221"]
[BlackElo "2372"]
[PlyCount "110"]

1. e4 e5 2. Nf3 Nc6 3. Bb5 a6 4. Ba4 Nf6 5. d3 b5 6. Bb3 Bc5 7. O-O O-O 8. a4
Rb8 9. axb5 axb5 10. Nc3 h6 11. Be3 d6 12. h3 Re8 13. Ne2 Bb6 14. Ng3 Nd4 15.
Nxd4 exd4 16. Bd2 d5 17. exd5 Bb7 18. Nh5 Re5 19. Nxf6+ Qxf6 20. Re1 Bxd5 21.
Rxe5 Qxe5 22. Bxd5 Qxd5 23. Qg4 Qc6 24. Re1 Rd8 25. Re4 Kh7 26. Qf5+ Qg6 27.
Qxb5 Ra8 28. Re1 Qf6 29. Qd5 c6 30. Qe4+ Kg8 31. Bb4 h5 32. Ba3 Ra5 33. Qe8+ Kh7
34. Be7 Qg6 35. h4 Bc7 36. Ba3 Rf5 37. Qe4 c5 38. c3 dxc3 39. bxc3 Ba5 40. Bb2
Bc7 41. Re2 Kg8 42. c4 Kh7 43. g3 Bd8 44. Kg2 Bf6 45. Bc1 Bc3 46. Bb2 Bxb2 47.
Rxb2 Qf6 48. Rb6 Qe5 49. Rd6 Qxd6 50. Qxf5+ Kg8 51. Qxh5 Qxd3 52. Qxc5 Qe4+ 53.
Kh2 Qf3 54. Kg1 Qe4 55. Qd5 1-0

[Event "Tradewise Gibraltar"]
[Site "Caleta ENG"]
[Date "2015.02.05"]
[EventDate "2015.01.27"]
[Round "10.62"]
[Result "1-0"]
[White "Bellon Lopez, Juan Manuel"]
[Black "Badrakh Galmandakh"]
[WhiteElo "2370"]
[BlackElo "2240"]
[PlyCount "92"]

1. b3 b6 2. Bb2 Bb7 3. e3 e6 4. Nf3 Nf6 5. d4 Be7 6. Bd3 O-O 7. O-O d5 8. c4 c5
9. Qe2 Nc6 10. Nc3 Rc8 11. Rfd1 cxd4 12. exd4 Nb4 13. Ne5 Nxd3 14. Rxd3 Ne4 15.
Nxe4 dxe4 16. Rh3 f6 17. Ng4 Kh8 18. f3 f5 19. Ne5 Qe8 20. Rd1 Rd8 21. fxe4 Bxe4
22. Nd3 Bg5 23. Nf2 Bb7 24. Re1 Bc8 25. Nd3 Bf6 26. Ne5 Bb7 27. Qe3 Be4 28. Qg3
Kg8 29. Kh1 Qe7 30. d5 exd5 31. Nc6 Qd7 32. Bxf6 Rxf6 33. Nxd8 f4 34. Qf2 Rg6
35. Rf3 Qxd8 36. cxd5 Qxd5 37. Qe2 Re6 38. Kg1 g5 39. Rf2 Bf5 40. Qc4 g4 41.
Qc8+ Kg7 42. Qc7+ Kg6 43. Rxf4 Qb5 44. Rxg4+ Kh5 45. Rg3 Re4 46. Qxh7+ 1-0

[Event "Tradewise Gibraltar"]
[Site "Caleta ENG"]
[Date "2015.02.05"]
[EventDate "2015.01.27"]
[Round "10.63"]
[Result "1/2-1/2"]
[White "Johan-Sebastian Christiansen"]
[Black "Alan M Byron"]
[WhiteElo "2354"]
[BlackElo "2188"]
[PlyCount "60"]

1. Nf3 d6 2. c4 Nf6 3. g3 g6 4. Bg2 Bg7 5. O-O O-O 6. Nc3 c6 7. d4 Qa5 8. Qd2
Qh5 9. e4 Bh3 10. Qg5 Qxg5 11. Bxg5 Bxg2 12. Kxg2 h6 13. Bc1 Nfd7 14. Rd1 Kh7
15. Be3 a5 16. Rac1 Na6 17. Rd2 Rfe8 18. b3 Rac8 19. Rcd1 c5 20. Nd5 a4 21. Rb1
axb3 22. axb3 Rb8 23. h3 Rbc8 24. Ra2 Nf6 25. Nc3 Nd7 26. Ra5 Nb4 27. Nb5 Nc6
28. Ra3 Nb4 29. Ra7 Rb8 30. d5 Na6 1/2-1/2

[Event "Tradewise Gibraltar"]
[Site "Caleta ENG"]
[Date "2015.02.05"]
[EventDate "2015.01.27"]
[Round "10.64"]
[Result "1/2-1/2"]
[White "Boyer Censore, Giuseppe Enmanuel"]
[Black "Swaminathan Soumya"]
[WhiteElo "1960"]
[BlackElo "2346"]
[PlyCount "98"]

1. e4 c5 2. Nf3 Nc6 3. d4 cxd4 4. Nxd4 Qb6 5. Nb3 Nf6 6. Nc3 e6 7. a3 Qc7 8. Be3
a6 9. f3 b5 10. Be2 Be7 11. Qd2 O-O 12. g4 Rd8 13. g5 Ne8 14. O-O-O Rb8 15. Bf4
d6 16. h4 b4 17. axb4 Nxb4 18. Kb1 e5 19. Be3 d5 20. Nxd5 Rxd5 21. exd5 Bf5 22.
Rc1 a5 23. Rhd1 Qd7 24. Nc5 Bxc5 25. Bxc5 Qa4 26. Bc4 Nxc2 27. Rxc2 Qxc4 28. Ba3
Rc8 29. Rc1 Rd8 30. Ka1 Bxc2 31. Rxc2 Qa4 32. h5 Nd6 33. g6 hxg6 34. hxg6 fxg6
35. Qg5 Rf8 36. Kb1 Qd7 37. Qxe5 Rf6 38. Bxd6 Rxd6 39. Rd2 Qf5+ 40. Qe4 Kf7 41.
Kc2 Qc8+ 42. Kb1 Qd7 43. Ka1 Kg8 44. Qc4 g5 45. Qc5 Qa4+ 46. Kb1 Rh6 47. Qc8+
Kf7 48. Qf5+ Kg8 49. Qc8+ Kf7 1/2-1/2

[Event "Tradewise Gibraltar"]
[Site "Caleta ENG"]
[Date "2015.02.05"]
[EventDate "2015.01.27"]
[Round "10.65"]
[Result "1-0"]
[White "Robert Bellin"]
[Black "Josefine Heinemann"]
[WhiteElo "2338"]
[BlackElo "2160"]
[PlyCount "118"]

1. d4 Nf6 2. Nc3 d5 3. Bg5 Nbd7 4. e3 g6 5. Bd3 Bg7 6. Nf3 O-O 7. O-O c6 8. h3
Qe8 9. Re1 e5 10. Bxf6 Bxf6 11. e4 exd4 12. exd5 Qd8 13. Ne4 c5 14. c4 dxc3 15.
bxc3 Bg7 16. Rc1 b6 17. Bb5 Nf6 18. Bc6 Rb8 19. Qa4 Nxe4 20. Qxe4 Bd7 21. Bxd7
Qxd7 22. c4 Rfe8 23. Qc2 a6 24. a4 b5 25. Rxe8+ Qxe8 26. axb5 axb5 27. cxb5 Rxb5
28. Qa4 Qb8 29. d6 Rb4 30. Qd7 Rb6 31. Ng5 Rb7 32. Qc6 Rb6 33. Qd5 Qf8 34. Ne4
Bd4 35. d7 Rb8 36. Nxc5 Bxc5 37. Rxc5 Rd8 38. Rc7 Kg7 39. Rc6 Qe7 40. Qd4+ f6
41. Rd6 Kf7 42. f4 Kg7 43. Kf2 Kf7 44. g4 h6 45. h4 g5 46. fxg5 fxg5 47. Rxh6
Rxd7 48. Rh7+ Kg6 49. Qxd7 Qc5+ 50. Ke2 Qc2+ 51. Ke3 Qc1+ 52. Kd4 Qd2+ 53. Kc5
Qc3+ 54. Kb6 Qb4+ 55. Ka6 Qa3+ 56. Kb7 Qb4+ 57. Kc8 Qc4+ 58. Kd8 Qg8+ 59. Qe8+ 1-0

[Event "Tradewise Gibraltar"]
[Site "Caleta ENG"]
[Date "2015.02.05"]
[EventDate "2015.01.27"]
[Round "10.66"]
[Result "1-0"]
[White "Kristian Stuvik Holm"]
[Black "Ivan Elishev"]
[WhiteElo "2330"]
[BlackElo "2153"]
[PlyCount "126"]

1. Nf3 g6 2. c4 Bg7 3. d4 Nf6 4. g3 O-O 5. Bg2 d5 6. cxd5 Nxd5 7. O-O Nb6 8. Nc3
Nc6 9. e3 Re8 10. Nh4 Bd7 11. f4 e6 12. Nf3 a5 13. Rb1 a4 14. Qe2 Qe7 15. Ne4
Nb4 16. a3 Na6 17. Bd2 Bc6 18. Nc3 Bd5 19. Rfe1 Bc4 20. Qf2 c5 21. Ne5 Bb3 22.
Ne4 Nd5 23. Rbc1 Rac8 24. Bf1 f6 25. Nc4 f5 26. Ned6 Red8 27. Nxc8 Rxc8 28. Ne5
Bxe5 29. dxe5 c4 30. e4 fxe4 31. Rxe4 b5 32. Rd4 Kg7 33. Bg2 c3 34. Bxc3 b4 35.
axb4 Naxb4 36. Bxd5 Nxd5 37. Bd2 Rxc1+ 38. Bxc1 Qc5 39. Bd2 Qc2 40. Be1 Qb1 41.
g4 h5 42. h3 hxg4 43. hxg4 Kf7 44. Kh2 Kg7 45. Kg3 Kf7 46. Kh4 Kg7 47. Kg5 Qc1
48. Qh4 Kg8 49. Qf2 Qc7 50. Kh4 g5+ 51. fxg5 Qxe5 52. Bd2 Qh8+ 53. Kg3 Qe5+ 54.
Kg2 Kg7 55. Kg1 Kg6 56. Bc1 Kg7 57. Rd3 Kg6 58. Rh3 Qc7 59. Bd2 Qb6 60. Rh6+ Kg7
61. Qxb6 Nxb6 62. Bc3+ Kf7 63. g6+ 1-0

[Event "Tradewise Gibraltar"]
[Site "Caleta ENG"]
[Date "2015.02.05"]
[EventDate "2015.01.27"]
[Round "10.67"]
[Result "1-0"]
[White "Pavel Janev"]
[Black "Nigel E Povah"]
[WhiteElo "2196"]
[BlackElo "2324"]
[PlyCount "104"]

1. e4 c5 2. Nf3 Nc6 3. Nc3 e6 4. d4 cxd4 5. Nxd4 Nf6 6. Nxc6 bxc6 7. e5 Nd5 8.
Ne4 Qc7 9. f4 Qa5+ 10. c3 Ba6 11. Bxa6 Qxa6 12. Qe2 Qb6 13. c4 Bb4+ 14. Kf1 f5
15. Nf2 Nc7 16. Nd3 Be7 17. Be3 Qa5 18. a3 Na6 19. b4 Qc7 20. b5 Nb8 21. Kf2 O-O
22. Rhb1 cxb5 23. cxb5 d5 24. exd6 Bxd6 25. a4 Nd7 26. a5 Nf6 27. b6 axb6 28.
Bxb6 Qe7 29. g3 Ne4+ 30. Kg1 Nc3 31. Qe3 Nxb1 32. Rxb1 Rfe8 33. Kf2 e5 34. fxe5
Bxe5 35. Re1 Bf6 36. Qxe7 Rxe7 37. Rxe7 Bxe7 38. Ke3 Kf7 39. Kd4 Ke6 40. Kc4 Bd6
41. Kb5 Kd7 42. a6 g5 43. a7 h6 44. Nb2 g4 45. Nc4 f4 46. Nxd6 fxg3 47. hxg3
Kxd6 48. Be3 Kd5 49. Ka6 h5 50. Kb7 Rxa7+ 51. Kxa7 Ke4 52. Bg5 1-0

[Event "Tradewise Gibraltar"]
[Site "Caleta ENG"]
[Date "2015.02.05"]
[EventDate "2015.01.27"]
[Round "10.68"]
[Result "0-1"]
[White "Daniel Sorm"]
[Black "Aviv Bar"]
[WhiteElo "2319"]
[BlackElo "2142"]
[PlyCount "110"]

1. d4 d5 2. c4 c6 3. Nf3 Nf6 4. Nc3 dxc4 5. a4 Bf5 6. e3 e6 7. Bxc4 Bb4 8. O-O
Nbd7 9. Qe2 O-O 10. e4 Bg4 11. e5 Nd5 12. h3 Bh5 13. Bd2 a5 14. Rfd1 Rc8 15. Bd3
Qe7 16. Rac1 Rfe8 17. Kh2 Nf8 18. Bb1 Qd8 19. Ne4 Be7 20. g4 Bg6 21. Kg3 f5 22.
Nc5 b6 23. Nd3 Nd7 24. Nf4 Nxf4 25. Bxf4 fxg4 26. hxg4 Bxb1 27. Rxb1 Nf8 28.
Rbc1 Qd5 29. Be3 b5 30. Qc2 Ng6 31. Ng5 Rf8 32. Ne4 bxa4 33. Rh1 c5 34. f4 cxd4
35. Qxc8 Rxc8 36. Rxc8+ Nf8 37. Rd1 Qb3 38. Re1 dxe3 39. Re2 Qb7 40. Rc4 Qd5 41.
Rxa4 Qd1 42. Nc3 Qg1+ 43. Kf3 Bb4 44. Ra2 Ng6 45. f5 exf5 46. gxf5 Nxe5+ 47. Ke4
Ng4 48. Kd4 h5 49. b3 Qf1 50. Nd5 Qxf5 51. Rac2 Qe5+ 52. Kc4 Qe4+ 53. Kb5 Qxd5+
54. Ka4 Qd7+ 55. Rc6 Qxc6# 0-1

[Event "Tradewise Gibraltar"]
[Site "Caleta ENG"]
[Date "2015.02.05"]
[EventDate "2015.01.27"]
[Round "10.69"]
[Result "0-1"]
[White "Rene Zimmermann"]
[Black "Kambez Nuri"]
[WhiteElo "2172"]
[BlackElo "2305"]
[PlyCount "130"]

1. d4 Nf6 2. c4 g6 3. Nc3 Bg7 4. e4 d6 5. Nf3 O-O 6. h3 e5 7. d5 Nbd7 8. Bg5 h6
9. Be3 Nc5 10. Nd2 a5 11. Be2 Bd7 12. g4 Nh7 13. h4 c6 14. h5 Ng5 15. Qc2 a4 16.
Bxc5 dxc5 17. Nxa4 cxd5 18. Nxc5 dxc4 19. O-O-O b6 20. Nxd7 Qxd7 21. Nxc4 Qa7
22. Na3 Rfc8 23. Bc4 gxh5 24. Kb1 Qa4 25. Qe2 Bf8 26. Bd5 Bxa3 27. Bxa8 Qxa8 28.
bxa3 Nxe4 29. Rh3 Nc3+ 30. Rxc3 Rxc3 31. Qxe5 Rc5 32. Qe7 Kg7 33. gxh5 Qf3 34.
Qd7 Qxf2 35. Qg4+ Rg5 36. Qc4 Rxh5 37. Rf1 Rh4 38. Qc3+ Qd4 39. Rg1+ Kh7 40. Qg3
Qe4+ 41. Ka1 Qg6 42. Qf2 Rg4 43. Rxg4 Qxg4 44. Qxb6 h5 45. Kb2 h4 46. Qc7 Qg2+
47. Kc1 Qxa2 48. Qe7 Qc4+ 49. Kd2 h3 50. Qg5 Qe6 51. Qg1 Qa2+ 52. Ke3 h2 53. Qh1
Qxa3+ 54. Kf4 Qd6+ 55. Kg4 Qg6+ 56. Kh3 Qe6+ 57. Kg3 Qe3+ 58. Kh4 Qf2+ 59. Kh3
Kg6 60. Qc6+ Kg5 61. Qc1+ Qf4 62. Qe1 h1=Q+ 63. Qxh1 Qh4+ 64. Kg2 Qxh1+ 65. Kxh1
Kf4 0-1

[Event "Tradewise Gibraltar"]
[Site "Caleta ENG"]
[Date "2015.02.05"]
[EventDate "2015.01.27"]
[Round "10.70"]
[Result "1-0"]
[White "De Haan, Eric"]
[Black "Alan J Walton"]
[WhiteElo "2299"]
[BlackElo "2129"]
[PlyCount "58"]

1. d4 d5 2. c4 e6 3. Nc3 Be7 4. Nf3 Nf6 5. Bg5 c6 6. e3 O-O 7. Qc2 Nbd7 8. Rd1
Re8 9. a3 Nf8 10. Bd3 dxc4 11. Bxc4 Nd5 12. Bxe7 Qxe7 13. Ne4 Nd7 14. Neg5 Nf8
15. O-O f6 16. Ne4 Kh8 17. Ng3 Nb6 18. Ba2 e5 19. dxe5 fxe5 20. Nf5 Qf6 21. Nd6
Re7 22. Qc5 Bg4 23. Ne4 Qg6 24. Qxe7 Bxf3 25. Ng5 Nd5 26. Rxd5 Bxd5 27. Bxd5
cxd5 28. Nf7+ Kg8 29. Nxe5 1-0

[Event "Tradewise Gibraltar"]
[Site "Caleta ENG"]
[Date "2015.02.05"]
[EventDate "2015.01.27"]
[Round "10.71"]
[Result "0-1"]
[White "German Schneider"]
[Black "Samir Lejlic"]
[WhiteElo "2150"]
[BlackElo "2354"]
[PlyCount "42"]

1. d4 Nf6 2. Bg5 c5 3. Bxf6 gxf6 4. dxc5 Qa5+ 5. Nc3 Qxc5 6. Nf3 e6 7. e4 a6 8.
a4 Nc6 9. Be2 h5 10. O-O b6 11. Na2 Bb7 12. c3 Ne7 13. b4 Qc7 14. Qd4 Rg8 15.
Nd2 Ng6 16. Nc4 Nf4 17. Bf3 Rxg2+ 18. Kh1 Ne2 19. Nd6+ Bxd6 20. Bxe2 Rxh2+ 21.
Kg1 Ke7 0-1

[Event "Tradewise Gibraltar"]
[Site "Caleta ENG"]
[Date "2015.02.05"]
[EventDate "2015.01.27"]
[Round "10.72"]
[Result "1/2-1/2"]
[White "Tom Rydstrom"]
[Black "Robert Danielsson"]
[WhiteElo "2292"]
[BlackElo "2121"]
[PlyCount "112"]

1. e4 c5 2. Nf3 g6 3. d4 cxd4 4. Nxd4 Bg7 5. Be3 Nf6 6. Nc3 Nc6 7. Bc4 Qa5 8. f3
Qb4 9. Nxc6 bxc6 10. Bb3 O-O 11. Qd2 Rd8 12. O-O-O d6 13. Kb1 Bd7 14. g4 a5 15.
Na4 Qxd2 16. Rxd2 Be6 17. Nb6 Rab8 18. Bxe6 fxe6 19. c4 c5 20. Na4 Nd7 21. f4
Rdc8 22. g5 Nb6 23. Nxb6 Rxb6 24. h4 Rcb8 25. Rhh2 Rf8 26. Rhf2 Rb4 27. Rc2 Rb7
28. Rcd2 Rb4 29. Rc2 Rb7 30. Bc1 Bd4 31. Rf3 e5 32. f5 gxf5 33. exf5 e4 34. Rf4
e3 35. Re2 Rb4 36. Bxe3 Rxc4 37. Bxd4 Rxd4 38. Rxd4 cxd4 39. Rxe7 Rxf5 40. Rd7
d3 41. Kc1 Rf1+ 42. Kd2 Rf2+ 43. Kc3 Rc2+ 44. Kxd3 Rxb2 45. Rxd6 Rxa2 46. Ke3
Ra4 47. h5 Rg4 48. Rd5 a4 49. Kf3 Rb4 50. Ra5 Rc4 51. h6 Rb4 52. Ra8+ Kf7 53.
Rh8 Kg6 54. Rg8+ Kh5 55. g6 Kxh6 56. gxh7 Kxh7 1/2-1/2

[Event "Tradewise Gibraltar"]
[Site "Caleta ENG"]
[Date "2015.02.05"]
[EventDate "2015.01.27"]
[Round "10.73"]
[Result "1-0"]
[White "Hans-Joerg Cordes"]
[Black "Rodriguez Alvarez, Vidal"]
[WhiteElo "2262"]
[BlackElo "2122"]
[PlyCount "104"]

1. d4 Nf6 2. Bg5 e6 3. Nd2 c5 4. c3 b6 5. e4 h6 6. Bh4 Bb7 7. Bd3 d6 8. f4 Be7
9. Ngf3 Nh5 10. Bxe7 Qxe7 11. g3 O-O 12. Qe2 cxd4 13. Nxd4 Nf6 14. O-O-O Nc6 15.
N4f3 Rac8 16. Kb1 e5 17. Nc4 Rcd8 18. Ne3 Rfe8 19. Rhe1 Nb8 20. Nf5 Qe6 21. Ka1
exf4 22. N3d4 f3 23. Qxf3 Qe5 24. Bb5 Bxe4 25. Rxe4 Nxe4 26. Bxe8 Rxe8 27. a3 d5
28. h4 Qf6 29. Nb5 g6 30. Nxh6+ Kg7 31. Qe3 Nd6 32. Qd3 Kxh6 33. g4 Kg7 34. Nc7
Rc8 35. Nxd5 Qe5 36. g5 Nf5 37. h5 gxh5 38. Nf6 Rh8 39. Rf1 Nd6 40. Qh3 h4 41.
Qg4 Nc6 42. Nh5+ Kf8 43. Nf4 Qf5 44. Ne6+ fxe6 45. Rxf5+ Nxf5 46. Qe4 Nce7 47.
Qxe6 Ke8 48. Qe5 Rg8 49. Qf6 Kd7 50. c4 Rg6 51. Qc3 Rxg5 52. Qd2+ 1-0

[Event "Tradewise Gibraltar"]
[Site "Caleta ENG"]
[Date "2015.02.05"]
[EventDate "2015.01.27"]
[Round "10.74"]
[Result "1-0"]
[White "Ravdanlkhumbuu Amgalanbaatar"]
[Black "Vladimir Prosviriakov"]
[WhiteElo "2117"]
[BlackElo "2257"]
[PlyCount "140"]

1. e4 d6 2. d4 Nf6 3. Nc3 e5 4. Nf3 Nbd7 5. Bc4 Be7 6. a4 O-O 7. h3 c6 8. O-O a5
9. Re1 Nb6 10. Ba2 exd4 11. Qxd4 Nfd7 12. Bf4 Nc5 13. Rad1 Be6 14. b3 d5 15.
exd5 Nxd5 16. Nxd5 cxd5 17. Be5 f6 18. Bf4 Bf7 19. Qb2 Ne6 20. Be3 Qc7 21. Rxd5
Ng5 22. Rxg5 fxg5 23. Nxg5 Bf6 24. Qc1 Bc3 25. Rd1 Rad8 26. Nxf7 Qxf7 27. Rd3
Rxd3 28. cxd3 Bb4 29. d4 Kh8 30. Qc2 g6 31. Bb1 Rd8 32. Qc4 Qxc4 33. bxc4 b6 34.
Be4 Bc3 35. d5 Rd6 36. Kf1 Kg7 37. Ke2 Kf7 38. f4 Rf6 39. Kd3 Bb2 40. g3 h5 41.
Bf3 Ke7 42. g4 hxg4 43. Bxg4 Kd8 44. Ke4 Kc7 45. c5 bxc5 46. Bxc5 Bc1 47. Ke5
Bb2+ 48. Ke4 Bc1 49. f5 gxf5+ 50. Bxf5 Rh6 51. Be7 Bd2 52. h4 Bb4 53. Bg5 Rh8
54. Bg6 Bf8 55. Bf6 Rg8 56. h5 Bh6 57. Kf5 Kd7 58. Bf7 Rg2 59. Be6+ Kd6 60. Be5+
Ke7 61. d6+ Kf8 62. Bf6 Bg7 63. Be7+ Ke8 64. Bg5 Rxg5+ 65. Kxg5 Be5 66. d7+ Ke7
67. Kg6 Bc7 68. Bf5 Bb6 69. h6 Bc7 70. Kg7 1-0

[Event "Tradewise Gibraltar"]
[Site "Caleta ENG"]
[Date "2015.02.05"]
[EventDate "2015.01.27"]
[Round "10.75"]
[Result "0-1"]
[White "Pascal Verneuil"]
[Black "Patrick Scharrer"]
[WhiteElo "2093"]
[BlackElo "2231"]
[PlyCount "86"]

1. e4 c5 2. b3 g6 3. Bb2 Nf6 4. e5 Nd5 5. e6 f6 6. exd7+ Bxd7 7. Bc4 Nb6 8. Qe2
Nxc4 9. Bxf6 Rg8 10. Qxc4 exf6 11. Qxg8 Qe7+ 12. Ne2 Be6 13. Qh8 Nd7 14. O-O
O-O-O 15. Nf4 Bh6 16. Qxd8+ Kxd8 17. Nxe6+ Qxe6 18. Na3 Bxd2 19. Rad1 Bb4 20.
Nc4 Kc7 21. a3 Bc3 22. Rd3 Be5 23. Rfd1 Nb6 24. Ne3 f5 25. a4 a5 26. Nf1 c4 27.
Rh3 h5 28. Rb1 Bd4 29. c3 Bf6 30. Re3 Qd5 31. bxc4 Qxc4 32. Nd2 Qa2 33. Rxb6
Kxb6 34. Nf1 Kc7 35. g3 Bg5 36. Re8 Kd7 37. Rb8 Qxa4 38. Rxb7+ Kc8 39. Rb6 Qe8
40. h4 Bd8 41. Rb2 Qe1 42. c4 Qc3 43. Rb1 a4 0-1